Normal view
MARC view
- Sachdeva, C B
Entry Personal Name
001 - CONTROL NUMBER
- control field: 6648
003 - CONTROL NUMBER IDENTIFIER
- control field: OSt
005 - DATE AND TIME OF LATEST TRANSACTION
- control field: 20180223155325.0
008 - FIXED-LENGTH DATA ELEMENTS
- fixed length control field: 180223|| aca||aabn | a|a d
040 ## - CATALOGING SOURCE
- Original cataloging agency: OSt
- Transcribing agency: OSt
100 ## - HEADING--PERSONAL NAME
- Personal name: Sachdeva, C B
670 ## - SOURCE DATA FOUND
- Source citation: Work cat.: (OSt): Sachdeva, C B, Micro economics - XII, 2015